000 00869cab a2200265 4500
001 ABS46595
008 090401t1992 xxu||||| |||| 00| 0 eng d
035 _a(Sirsi) u58818
041 _aeng
100 _aFinch, R.G.
245 _aCommercial leases
260 _c1992
350 _a0
490 _aSolicitors` Journal
_v136(24) 19 June 1992, 601-602(2)
520 _aOverview of recent legal developments concerning business tenancies covering privity of contract, the effects of insolvency, rent free periods and VAT.
650 _aINSOLVENCY ACT 1986
650 _aLANDLORD AND TENANT ACT 1988
650 _aPRIVITY OF CONTRACT
650 _aRENT FREE PERIODS
650 _aSELF SUPPLY CHARGE
650 _aVALUE ADDED TAX (BUILDINGS AND LAND) ORDER 1991
690 _aLANDLORD AND TENANT-BUSINESS TENANCIES
942 _n0
948 _c04/03/1997
999 _c35966
_d35966